00402nam a22001457a 450000500170000000800410001702200130005804100130007108200130008410000130009724500430011026000440015330000330019765000260023020240306125327.0240306b |||||||| |||| 00| 0 eng d a10233806 aEnglish  a349 BUT  lEnglish  aButterworths Law Reports : Labour Law  aDurban : bLexisNexis (Pty) Ltd, c2021 bxxii, 1171 pages ; c25 cm.  aLegal practice bLaw